Countries by Helium Production - Statistics

General Stats
  • This quiz has been taken 37 times
  • The average score is 5 of 8
Answer Stats
Cubic Metres
(Millions)
Country % Correct
77 United States
100%
1 China
97%
Under 1 Canada
85%
9 Russia
85%
4 Australia
76%
1 Poland
24%
14 Algeria
15%
51 Qatar
15%
No matching quizzes found
Score Distribution
Percent of People with Each Score
Percentile by Number Answered
Your Score History
You have not taken this quiz